De Sant Pere de Reixac al turó de les Maleses /
MARC
| LEADER | 00000nam a2200000 a 4500 | ||
|---|---|---|---|
| 001 | 25726 ; 28415 | ||
| 003 | AGDB | ||
| 005 | 20260324181512.0 | ||
| 008 | 220610s2016 spaa|||| ||||s00| 0 cat c | ||
| 017 | |a B 21896-2016 | ||
| 017 | |a B 2412-2023 | ||
| 040 | |a agdb |b cat | ||
| 110 | 1 | |9 10205 |a Parc de la Serralada de Marina (Catalunya) | |
| 245 | 1 | 0 | |a De Sant Pere de Reixac al turó de les Maleses / |c Parc de la Serralada Marina |
| 260 | |a Barcelona : |b Diputació de Barcelona. Xarxa de Parcs Naturals ; |c 2016- | ||
| 300 | |a 1 fulletó desplegable : |b il·lustracions ; |c 42 x 30 cm | ||
| 490 | 1 | |a Itineraris senyalitzats ; |v SL-C 149 | |
| 610 | 1 | 0 | |9 52709 |a Parc de la Serralada de Marina (Catalunya) |v Guies |
| 610 | 1 | 0 | |9 52720 |a Parc de la Serralada de Marina (Catalunya) |x Circuits turístics |
| 610 | 1 | 0 | |a Barcelona (Catalunya : Província). |b Xarxa de Parcs Naturals |v Guies |9 52737 |
| 650 | 0 | |a Parcs Naturals |z Barcelona (Catalunya : Província) |v Guies |9 50316 | |
| 655 | 0 | |a Fulletons |9 55858 | |
| 710 | 1 | |a Barcelona (Catalunya : Província). |b Xarxa de Parcs Naturals |9 7250 | |
| 710 | 1 | |a Barcelona (Catalunya : Província). |b Gerència de Serveis d’Espais Naturals |9 52730 | |
| 830 | 0 | |9 55975 |a Itineraris senyalitzats |v SL-C 149 | |
| 856 | |u https://llibreria.diba.cat/cat/ebook/parc-de-la-serralada-de-marina_67755 |z Accés lliure (Llibreria de la Diputació de Barcelona) | ||
| 866 | |a 2016 | ||
| 866 | |a 2023 | ||
| 942 | |2 udc |n 1 |c ARXIU | ||
| 952 | |0 0 |1 0 |4 0 |6 FU705 |7 1 |9 62117 |a Arxiu |b Arxiu |d 2022-05-31 |h 2016 |l 0 |o FU-70-5 |p 25726 |r 2022-05-31 00:00:00 |w 2022-05-31 |y ARXIU | ||
| 952 | |0 0 |1 0 |4 0 |6 FU7663 |7 1 |9 96817 |a Arxiu |b Arxiu |d 2024-03-07 |h 2023 |l 0 |o FU-76-63 |p 28415 |r 2024-03-07 00:00:00 |w 2024-03-07 |y ARXIU | ||
| 999 | |c 81822 |d 81822 | ||